Sports Quiz

Random Sports or Basketball Quiz

NBA Coaches Quiz Stats

 Plays Quiz Updated Jul 15, 2021

     
Support Sporcle.
Go Orange.
Score 0/30 Timer 07:00
1 Play Today
Team Coach % Correct
Boston CelticsIme Udoka
86.2%
Los Angeles LakersFrank Vogel
83.8%
San Antonio SpursGregg Popovich
78.6%
Golden State WarriorsSteve Kerr
72.4%
Cleveland CavaliersJ.B. Bickerstaff
71.1%
New York KnicksTom Thibodeau
70.4%
Los Angeles ClippersTyronn Lue
63.8%
Denver NuggetsMike Malone
63.2%
Orlando MagicJamahl Mosley
60.4%
Dallas MavericksJason Kidd
58.4%
Houston RocketsStephen Silas
57.7%
Utah JazzQuin Snyder
57.2%
Miami HeatErik Spoelstra
56.1%
Milwaukee BucksMike Budenholzer
55.1%
Brooklyn NetsSteve Nash
54.8%
Team Coach % Correct
Chicago BullsBilly Donovan
54.5%
Charlotte HornetsJames Borrego
54.2%
Philadelphia 76ersDoc Rivers
52.2%
New Orleans PelicansWillie Green
47.4%
Oklahoma City ThunderMark Daigneault
43.7%
Detroit PistonsDwane Casey
42.1%
Portland Trail BlazersChauncey Billups
41.6%
Minnesota TimberwolvesChris Finch
39.5%
Washington WizardsWes Unseld Jr.
39.5%
Phoenix SunsMonty Williams
39.3%
Atlanta HawksNate McMillan
37.4%
Toronto RaptorsNick Nurse
36.4%
Indiana PacersRick Carlisle
35.5%
Sacramento KingsLuke Walton
30.2%
Memphis GrizzliesTaylor Jenkins
21.8%

From the Vault

4 Decades of TV Show Premieres

by kfastic

If you get these all right, you may need to reconsider how much time you're spending in front of the TV.
Remove Ads.
Support Sporcle.
Get the best of Sporcle when you Go Orange. This ad-free experience offers more features, more stats, and more fun while also helping to support Sporcle. Thank you for becoming a member.

Show Comments

Extras

Top Quizzes Today


Score Distribution

Your Account Isn't Verified!

In order to create a playlist on Sporcle, you need to verify the email address you used during registration. Go to your Sporcle Settings to finish the process.

Report this User

Report this user for behavior that violates our Community Guidelines.

Details: